000
00264nam a2200097Ia 4500
001
1070948
005
20250827002115.0
008
250824s9999 xx 000 0 und d
245
0
_a
TEMBEL HAYVANLAR FELSEFE YAPARSA
_c
JENNİFER MCCARTNEY
260
_b
ORENDA YAYINLARI
999
_c
1070948
_d
1070948